[Event "3rd UKR Games Men"]
[Site "Evpatoria UKR"]
[Date "2007.05.22"]
[Round "3"]
[White "Seletsky,G"]
[Black "Rakhmangulov,A"]
[Result "1/2-1/2"]
[WhiteElo "2296"]
[BlackElo "2299"]

1.e4 d6 2.d4 Nf6 3.Nc3 c6 4.Nf3 Qa5 5.Bd3 e5 6.h3 Be7 7.O-O O-O 8.Be3 Qc7
9.a4 a5 10.Nd2 Na6  1/2-1/2

[Event "V Regina Helena Marques Prol"]
[Site "Santos BRA"]
[Date "2007.05.22"]
[Round "5"]
[White "Molina,Rob"]
[Black "Limberg,E"]
[Result "0-1"]
[WhiteElo "2353"]
[BlackElo "2255"]

1.d4 d6 2.e4 Nf6 3.Nc3 e5 4.Nf3 Nbd7 5.Bc4 Be7 6.O-O O-O 7.Re1 c6 8.Bf1 Qc7
9.Bg5 Re8 10.Qd2 h6 11.Bh4 Nf8 12.h3 g5 13.dxe5 dxe5 14.Bxg5 hxg5 15.Qxg5+ Ng6
16.Bc4 Kg7 17.Qe3 Qb6 18.Qc1 Nh5 19.Bxf7 Kxf7 20.Qh6 Rh8 21.Nxe5+ Nxe5 22.Qxh8 Nf6
23.Kh1 Qxf2 24.Rf1 Qg3 25.Qh5+ Kg7 26.Qe2 Bxh3 27.Rf2 Bg4  0-1

[Event "3rd UKR Games Women"]
[Site "Evpatoria UKR"]
[Date "2007.05.23"]
[Round "4"]
[White "Goreskul,A"]
[Black "Arutyunova,D"]
[Result "1-0"]
[WhiteElo "2265"]
[BlackElo "2220"]

1.e4 d6 2.d4 Nf6 3.Nc3 c6 4.g3 Qa5 5.Bg2 e5 6.Ne2 b5 7.O-O Be7 8.h3 Ba6 9.Be3 b4
10.Nb1 c5 11.d5 Nfd7 12.Nd2 Nb6 13.Re1 c4 14.a3 Qb5 15.axb4 Qxb4 16.Ra2 N6d7
17.Qa1 Qb7 18.Nc3 Bd8 19.Bf1 Nb6 20.b4 Qc8 21.b5 Bb7 22.Rxa7 N8d7 23.Rxa8 Bxa8
24.Qa2 O-O 25.Nxc4 Nxc4 26.Qxc4 Ba5 27.Bd2 Qxc4 28.Bxc4 Bxc3 29.Bxc3 Rc8
30.Ra1 f5 31.Bb4 Bb7 32.Bb3 Nc5 33.Ra7 Nxb3 34.cxb3 Rc7 35.Bxd6 Rd7 36.f3 fxe4
37.fxe4 Kf7 38.Bxe5 Bc8 39.b6  1-0

[Event "50th TCh-SRB Cup"]
[Site "Mataruska Banja SRB"]
[Date "2007.05.23"]
[Round "3"]
[White "Nevednichy,V"]
[Black "Ivanisevic,I"]
[Result "1/2-1/2"]
[WhiteElo "2528"]
[BlackElo "2614"]

1.e4 d6 2.d4 Nf6 3.Nc3 Nbd7 4.g3 e5 5.Nge2 c6 6.a4 Be7 7.Bg2 O-O 8.O-O Re8
9.a5 Rb8 10.d5 h5 11.h3 cxd5 12.exd5 a6 13.Be3 b5 14.axb6 Nxb6 15.b3 Bb7
16.Qd2 Qc7 17.Ra2 Bf8 18.Rfa1 g6 19.Ra5 Bg7 20.Nd1 Nbxd5 21.Rxd5 Nxd5 22.Bxd5 Bxd5
23.Qxd5 Qxc2 24.Ndc3 e4 25.Rxa6 Bxc3 26.Rxd6 Bg7 27.Rxg6 Qxe2 28.Rxg7+ Kxg7
29.Qg5+ Kh7  1/2-1/2

[Event "3rd UKR Games Men"]
[Site "Evpatoria UKR"]
[Date "2007.05.24"]
[Round "6"]
[White "Shkuran,D"]
[Black "Nazarevich,V"]
[Result "0-1"]
[WhiteElo "2420"]
[BlackElo "2304"]

1.e4 d6 2.d4 Nf6 3.Nc3 e5 4.Nf3 Nbd7 5.Bc4 Be7 6.O-O O-O 7.h3 c6 8.a4 exd4
9.Nxd4 d5 10.exd5 Nb6 11.Bb3 Nbxd5 12.Nxd5 Nxd5 13.Qf3 Bc5 14.Rd1 Qh4 15.c3 Be6
16.a5 Rad8 17.Ra4 Nxc3 18.Nxe6 Qxf2+ 19.Qxf2 Bxf2+ 20.Kh2 Nxd1 21.Nxd8 Rxd8
22.Rb4 b6 23.Bg5 Rd7 24.Re4 Kf8 25.Re2 Bc5 26.Ba4 b5 27.Bc2 h6 28.Bc1 a6
29.Kg3 Bb4 30.Be4 Rd6 31.Bf4 Re6 32.Kf3 Bxa5 33.Rc2 c5 34.Rxc5 Nxb2 35.Rc8+ Ke7
36.Bd5 Rf6 37.Ke4 Nc4 38.Bxc4 bxc4 39.Rxc4 Rb6 40.Kd5 Rb5+ 41.Kc6 Ke6 42.g4 Rb4
43.Rc5 Rb6+ 44.Kc7 Rb5+ 45.Kc6 Rxc5+ 46.Kxc5  0-1

[Event "Capo d'Orso"]
[Site "Porto Mannu PAL"]
[Date "2007.05.24"]
[Round "7"]
[White "Aagaard,J"]
[Black "Djuric,S"]
[Result "1-0"]
[WhiteElo "2477"]
[BlackElo "2460"]

1.e4 d6 2.d4 Nf6 3.Nc3 Nbd7 4.Nf3 e5 5.g4 exd4 6.Nxd4 d5 7.exd5 Bb4 8.Qe2+ Kf8
9.Bg2 Nb6 10.g5 Nfxd5 11.O-O Bxc3 12.bxc3 Nxc3 13.Qd3 Nba4 14.Ba3+ Kg8 15.Rfe1 Bg4
16.Bxb7 c5 17.Nc6 Qxg5 18.h4 Qxh4 19.Ne7+ Kf8 20.Qd6 Nb5 21.Ng6+ Kg8 22.Nxh4 Nxd6
23.Bxa8 g5 24.Bc6 gxh4  1-0

[Event "XXII Felix Cup"]
[Site "Felix Spa ROM"]
[Date "2007.05.25"]
[Round "1"]
[White "Szabo,G ROM"]
[Black "Bonte,Ar"]
[Result "1-0"]
[WhiteElo "2512"]
[BlackElo "2027"]

1.e4 d6 2.d4 Nf6 3.Nc3 Nbd7 4.g4 c5 5.g5 cxd4 6.Qxd4 e5 7.Qd1 Ng8 8.h4 Nb6
9.f4 Ne7 10.fxe5 dxe5 11.Qxd8+ Kxd8 12.Be3 Bg4 13.Nb5 Nec8 14.Be2 Bxe2 15.Nxe2 a6
16.O-O-O+ Nd7 17.Nbc3 Bd6 18.Rd3 Re8 19.h5 Re6 20.Ng3 g6 21.hxg6 hxg6 22.Rh7 Ke8
23.Nd5 Nf8 24.Rh8 b5 25.Rd1 Rb8 26.Nf5 gxf5 27.exf5 Kd7 28.fxe6+ Kxe6 29.Nf6 Ne7
30.Ne4 Nd5 31.Bc5 Ng6 32.Rh2 Bc7 33.Ba7 Rd8 34.Nc5+ Kf5 35.Nxa6 Ra8 36.Rxd5 Rxa7
37.Nxc7 Rxc7 38.Rxb5 Kxg5 39.a4 f6 40.a5 Kf5 41.a6 Ra7 42.Rb6 Nf4 43.Rd2 e4
44.Rdd6 e3 45.Rxf6+ Ke5 46.Rf8 e2 47.Re8+ Kf5 48.Rb4  1-0

[Event "50th TCh-SRB Cup"]
[Site "Mataruska Banja SRB"]
[Date "2007.05.25"]
[Round "5"]
[White "Perunovic,Mil"]
[Black "Pikula,D"]
[Result "1/2-1/2"]
[WhiteElo "2562"]
[BlackElo "2512"]

1.e4 d6 2.d4 Nf6 3.Nc3 e5 4.Nf3 Nbd7 5.Bc4 Be7 6.O-O O-O 7.Re1 c6 8.a4 b6
9.Ba2 a6 10.Bg5 Rb8 11.dxe5 dxe5 12.Bxf6 Bxf6 13.Qd6 Be7 14.Qxc6 Bb7 15.Qc4 Rc8
16.Qd3 Bb4 17.Red1 Bc6 18.Bd5 Bxc3 19.Bxc6 Bxb2 20.Rab1 Rxc6 21.Rxb2 Rc7
22.Rxb6 Qe7 23.Rd6 Nc5 24.Qc4 Rfc8 25.Qd5 Nb7 26.Rb6 h6 27.Qxe5 Qxe5 28.Nxe5 Nc5
29.f3 Nxa4 30.Rxa6 Nb2 31.Rd2 Rxc2 32.Rxc2 Rxc2 33.Ra8+ Kh7 34.Nxf7 Nd3 35.g3 Rc1+
36.Kg2 Rc2+ 37.Kh3 g5 38.Kg4 Kg6 39.Nh8+ Kg7 40.Rd8 Ne5+ 41.Kf5 Nc6 42.Ra8 Nd4+
43.Kg4 Rxh2 44.f4 gxf4 45.gxf4 h5+ 46.Kg5 Rg2+ 47.Kxh5 Rh2+ 48.Kg5  1/2-1/2

[Event "XXII Felix Cup"]
[Site "Felix Spa ROM"]
[Date "2007.05.26"]
[Round "3"]
[White "Butunoi,A"]
[Black "Bonte,Ar"]
[Result "1-0"]
[WhiteElo "2420"]
[BlackElo "2027"]

1.e4 d6 2.d4 Nf6 3.Nc3 e5 4.Nf3 Nbd7 5.Bc4 Be7 6.O-O O-O 7.a4 c6 8.Ba2 a5
9.h3 h6 10.Be3 Re8 11.Nh4 Nf8 12.Qf3 exd4 13.Bxd4 Be6 14.Nf5 Bxa2 15.Rxa2 Ne6
16.Be3 Bf8 17.Rd1 Nh7 18.Qg3 g5 19.Nxd6 Bxd6 20.Rxd6 Qf6 21.Ra1 Rad8 22.Rad1 Rxd6
23.Rxd6 Nhf8 24.f4 Qg7 25.f5 Nc7 26.h4 f6 27.hxg5 hxg5 28.Bd4 Nh7 29.e5 Qf7
30.e6 Nxe6 31.fxe6 Rxe6 32.Rd8+ Kg7 33.Bc5 Re5 34.Qd3 Rxc5 35.Rd7 Nf8 36.Rxf7+ Kxf7
37.Qd6 Rc4 38.Qc7+ Kg6 39.Qxa5 Ne6 40.b3 Rd4 41.Qb6 Rd2 42.Qe3 Rd6 43.Ne4 Rd1+
44.Kh2 Nf4 45.g3 Nd5 46.Qf3 Re1 47.Nc5 Re3 48.Qg4 Nb4  1-0

[Event "16th Chicago Open"]
[Site "Oak Brook USA"]
[Date "2007.05.26"]
[Round "2"]
[White "Erenburg,S"]
[Black "Stanley,D"]
[Result "1-0"]
[WhiteElo "2574"]
[BlackElo "2019"]

1.e4 d6 2.d4 Nf6 3.Nc3 Nbd7 4.f4 e5 5.Nf3 exd4 6.Qxd4 c6 7.Be3 Be7 8.O-O-O O-O
9.e5 Ne8 10.Kb1 Qa5 11.Bd3 d5 12.f5 Bc5 13.Qf4 Bxe3 14.Qxe3 Nc5 15.g4 Nxd3
16.cxd3 b5 17.Rc1 Qb6 18.Qf4 a5 19.Qd4 Qb7 20.Ne2 Nc7 21.Nf4 b4 22.Nh5 Nb5
23.Qf4 f6 24.exf6 gxf6 25.Qh6 Qf7 26.Rxc6 Ra6 27.Nxf6+ Kh8 28.Rxa6 Bxa6 29.Nxh7  1-0

[Event "V Regina Helena Marques Prol"]
[Site "Santos BRA"]
[Date "2007.05.26"]
[Round "10"]
[White "Marra,E"]
[Black "Limberg,E"]
[Result "0-1"]
[WhiteElo "2290"]
[BlackElo "2255"]

1.d4 d6 2.e4 Nf6 3.Nc3 e5 4.dxe5 dxe5 5.Qxd8+ Kxd8 6.Bc4 Be6 7.Bxe6 fxe6
8.f3 a6 9.Be3 Bd6 10.O-O-O Ke7 11.Nh3 Nbd7 12.Nf2 b5 13.Rhe1 h5 14.Re2 Rhb8
15.Nd3 Rc8 16.Kb1 Rab8 17.Red2 Ra8 18.Ne2 Kf7 19.Nec1 a5 20.Nb3 Rcb8 21.Nbc5 Nf8
22.b3 Ng6 23.a4 h4 24.h3 bxa4 25.Nxa4 Ke7 26.Ndb2 Kf7 27.Nc4 Bb4 28.Rd3 Be7
29.Kb2 Rb5 30.Ra1 Bb4 31.Nc3 Rbb8 32.Ra4 Ra6 33.Ne2 Rba8 34.Rd1 Ne8 35.Rd7+ Kf6
36.Bf2 Bd6 37.Nxd6 cxd6 38.Be3 Nf8 39.Rb7 d5 40.Rb6 Nd6 41.Rxa6 Rxa6 42.Bc5 Nd7
43.Bxd6 Rxd6 44.exd5 exd5 45.Rxa5 Kf5 46.Kc1 Nf6 47.b4 Rb6 48.c3 e4 49.fxe4+ Kxe4
50.Kd2 Nh5 51.Ra8 Rg6 52.Re8+ Kf5 53.Nd4+ Kf4 54.Ne2+ Kf5 55.Nd4+ Kf4 56.Re2 Nf6
57.Nf3 Ne4+ 58.Kd3 Kg3 59.Kd4 Rf6 60.c4 Rf4 61.Ke5 Nc3 62.Rc2 Rxc4 63.Nd4 Kh2
64.b5 Na4 65.Ra2 Nc3 66.Rd2 Rb4 67.Nf3+ Kg3 68.Rd3 Nxb5 69.Kxd5 Nc7+ 70.Kc5 Rf4
71.Ne1+ Kf2 72.Nc2 Ne6+ 73.Kd5 Rf6 74.Ke5 Kxg2 75.Rd7 Kxh3 76.Rxg7 Nxg7 77.Kxf6 Kg2
78.Ne3+ Kg3 79.Nf1+ Kg2 80.Kg5 h3  0-1

[Event "1st WCh-Team Women"]
[Site "Ekaterinburg RUS"]
[Date "2007.05.27"]
[Round "7"]
[White "Kosintseva,N"]
[Black "Mkrtchian,L"]
[Result "1/2-1/2"]
[WhiteElo "2475"]
[BlackElo "2424"]

1.e4 d6 2.d4 Nf6 3.Nc3 e5 4.Nf3 Nbd7 5.Bc4 Be7 6.O-O O-O 7.Re1 c6 8.a4 b6
9.h3 a6 10.Ba2 Rb8 11.dxe5 Nxe5 12.Bf4 Qc7 13.Qe2 b5 14.axb5 axb5 15.b4 Nfd7
16.Bb3 Bf6 17.Rad1 Re8 18.Nb1 Nf8 19.Nbd2 Be6 20.Nd4 Bxb3 21.N2xb3 Nfg6 22.Bg3 Nc4
23.c3 Rbd8 24.Nd2 Nb2 25.Rb1 Na4 26.Qf3 Qb6 27.Ne2 Ne5 28.Bxe5 dxe5 29.Nf1 Rd7
30.Rbd1 Red8 31.Rxd7 Rxd7 32.Ne3 Qd8 33.Ng4 Nb2 34.Ng3 Nc4 35.Nxf6+ Qxf6
36.Qg4 Rd8 37.Rd1 g6 38.Rd5 Rd7 39.Rxd7 Qe7 40.Rd8+ Qxd8 41.h4 Nb2 42.Kh2 Nd3
43.Kg1 Nf4 44.h5 Ne6 45.Qe2 Nf4 46.Qg4 Ne6 47.Qe2 Nf4 48.Qg4 Ne6  1/2-1/2

[Event "10th IHEM"]
[Site "Hamburg GER"]
[Date "2007.05.27"]
[Round "2"]
[White "Lanka,Z"]
[Black "Lindinger,M"]
[Result "0-1"]
[WhiteElo "2482"]
[BlackElo "2307"]

1.e4 d6 2.d4 Nf6 3.Nc3 Nbd7 4.Nf3 e5 5.Bc4 Be7 6.O-O O-O 7.Re1 c6 8.a4 a5
9.h3 Nb6 10.Bf1 Nfd7 11.g3 Re8 12.Bg2 Bf6 13.b3 exd4 14.Nxd4 d5 15.f4 dxe4
16.Nxe4 Rxe4 17.Bxe4 c5 18.Nb5 Bxa1 19.c3 Qf6 20.Bd2 Nf8 21.Qxa1 Bf5 22.Bg2 c4
23.Be3 cxb3 24.Bd4 Qd8 25.c4 Ne6 26.Bf2 Nxc4 27.Qc3 b2 28.Qxc4 b1=Q 29.Rxb1 Bxb1
30.Qc1 Qd3 31.g4 Rd8 32.f5 Qd1+ 33.Qxd1 Rxd1+ 34.Kh2 Nd8 35.Nc3 Rc1 36.Bd4 Nc6
37.Bxc6 bxc6 38.f6 c5 39.Be5 gxf6 40.Bxf6 Bc2 41.Bd8 Ra1 42.Bxa5 Bxa4 43.Bb6 c4
44.Bd4 Bc6 45.Kg3 Rf1 46.g5 Rf3+ 47.Kg4 Rd3 48.Be5 Bd7+ 49.Kf4 Rxh3 50.Nd5 Be6
51.Nf6+ Kg7 52.Nd7+ Kg6 53.Nf8+ Kh5 54.Nxh7 c3  0-1

[Event "Enci Limburg Open"]
[Site "Maastricht NED"]
[Date "2007.05.28"]
[Round "7"]
[White "Dunn,Al"]
[Black "Burg,B"]
[Result "0-1"]
[WhiteElo "2164"]
[BlackElo "1972"]

1.e4 d6 2.d4 Nf6 3.Nc3 Nbd7 4.Nf3 e5 5.dxe5 dxe5 6.Bc4 h6 7.Bxf7+ Kxf7 8.Nxe5+ Kg8
9.Ng6 Rh7 10.O-O Qe8 11.Nxf8 Nxf8 12.f4 Bg4 13.Qe1 Qc6 14.h3 Be6 15.b3 Re8
16.Rf3 Nxe4 17.Nxe4 Bd5 18.Rg3 Rxe4 19.Qd2 Qc5+ 20.Kh2 Qd4 21.f5 Qxd2 22.Bxd2 Kf7
23.Rf1 Nd7 24.Be3 Nf6 25.c4 Bc6 26.Bxa7 Rh8 27.Bc5 Re2 28.Rf2 Rhe8 29.a4 Rxf2
30.Bxf2 Re5 31.Re3 Rxf5 32.Be1 Rg5 33.g3 Rf5 34.Bb4 Ne4 35.Kg1 Kg6 36.Be1 Ng5
37.g4 Rf3 38.Re7 Rxb3 39.h4 Nf3+ 40.Kf2 Nxe1  0-1

[Event "National Masters"]
[Site "Lisbon POR"]
[Date "2007.05.29"]
[Round "9"]
[White "Reis,Luis So"]
[Black "Galego,L"]
[Result "0-1"]
[WhiteElo "2250"]
[BlackElo "2521"]

1.d4 Nf6 2.Nc3 d6 3.e4 c6 4.f4 g6 5.Nf3 Bg7 6.Bd3 O-O 7.O-O Bg4 8.Qe1 Nfd7
9.Be3 Bxf3 10.Rxf3 e6 11.f5 exf5 12.exf5 d5 13.Qf2 Nf6 14.Qh4 Ne4 15.Qxd8 Rxd8
16.f6 Nxf6 17.Bg5 Rd6 18.Raf1 Nbd7 19.Bf4 Re6 20.Be5 Nxe5 21.dxe5 Ng4 22.Rxf7 Bxe5
23.h3 Ne3 24.R1f3 b5 25.Rb7 Nc4 26.Bxc4 bxc4 27.Kf1 Bf6 28.Rf2 Bh4 29.g3 Bxg3
30.Rff7 Be5 31.Rxa7 Rxa7 32.Rxa7 Bxc3 33.bxc3 Re3 34.Ra3 Rxh3  0-1

[Event "zt 2.3 w"]
[Site "Santo Domingo DOM"]
[Date "2007.05.29"]
[Round "1"]
[White "Zepeda,S"]
[Black "Arribas Robaina,M"]
[Result "0-1"]
[WhiteElo "2040"]
[BlackElo "2335"]

1.e4 d6 2.d4 Nf6 3.Nc3 c6 4.Nf3 Bg4 5.Be2 Nbd7 6.O-O e5 7.Be3 Be7 8.a4 a5
9.Qd3 O-O 10.Nd2 Bxe2 11.Qxe2 Re8 12.f4 exf4 13.Rxf4 Nf8 14.Raf1 Ng6 15.R4f2 Qd7
16.h3 Qe6 17.Qd3 Bd8 18.Bg5 h6 19.Bxf6 Bxf6 20.Ne2 Re7 21.Nf4 Nxf4 22.Rxf4 Bg5
23.Rg4 f6 24.Nf3 h5 25.Nxg5 fxg5 26.Rxg5 Qxe4 27.Qxe4 Rxe4 28.c3 h4 29.Rf2 d5
30.Rgf5 Re1+ 31.Kh2 Rae8 32.Rf7 Ra1 33.g3 Ree1 34.Rf8+ Kh7 35.gxh4 Rh1+ 36.Kg3 Rag1+
37.Rg2 Rxg2+ 38.Kxg2 Rb1 39.Rf2 Kg6 40.Kg3 Rg1+ 41.Kf4 Ra1 42.Ke5 Rxa4 43.Rg2+ Kh7
44.Ke6 Ra1 45.Kd6 a4 46.b4 Rc1 47.Ra2 Rxc3 48.Rxa4 Rc4 49.Ke5 Kg6 50.Ra2 Rxb4
51.Rg2+ Kh6 52.h5 Rb3 53.Rg6+ Kh7 54.h4 Re3+ 55.Kd6 Re4 56.Kc7 Rxd4 57.Kxb7 Rc4  0-1

[Event "8th United Insurance"]
[Site "Dhaka BAN"]
[Date "2007.05.30"]
[Round "4"]
[White "Girinath,P"]
[Black "Haque,R1"]
[Result "1-0"]
[WhiteElo "2378"]
[BlackElo "2206"]

1.e4 d6 2.d4 Nf6 3.Nc3 c6 4.a4 Nbd7 5.g3 e5 6.Nge2 Be7 7.Bg2 O-O 8.O-O a5
9.h3 b6 10.Be3 Ba6 11.Re1 b5 12.axb5 cxb5 13.Nd5 Nxd5 14.exd5 Bf6 15.dxe5 Nxe5
16.b3 Bc8 17.Nd4 Bd7 18.f4 Ng6 19.Qd3 b4 20.Rad1 Qc8 21.Kh2 Ne7 22.Bf2 Re8
23.Re2 Bxd4 24.Bxd4 Nf5 25.Rxe8+ Qxe8 26.Bf2 Rc8 27.Re1 Qd8 28.Re2 g6 29.g4 Nh4
30.Bd4 Nxg2 31.Kxg2 Rb8 32.Bb2 Qb6 33.Re7 Bb5 34.Qe4 Rf8 35.f5 g5 36.h4 h6
37.hxg5 hxg5 38.Bd4 Qb8 39.Qe3  1-0

[Event "TCh-FRA Top 16"]
[Site "Clichy FRA"]
[Date "2007.05.31"]
[Round "8"]
[White "Acher,M"]
[Black "Bauer,Ch"]
[Result "1/2-1/2"]
[WhiteElo "2363"]
[BlackElo "2629"]

1.e4 d6 2.d4 Nf6 3.Nc3 Nbd7 4.g4 h6 5.h3 e5 6.Nge2 c6 7.Bg2 b5 8.O-O Bb7
9.Ng3 g6 10.Nce2 Bg7 11.c3 O-O 12.Be3 d5 13.f3 Qe7 14.Qd2 Kh7 15.g5 Ng8 16.h4 Nb6
17.b3 Rad8 18.Qc1 dxe4 19.fxe4 b4 20.dxe5 bxc3 21.Qxc3 Bxe5 22.Qa5 Bxa1 23.Rxa1 Bc8
24.Rf1 Qc7 25.gxh6 Nd5 26.Qxc7 Nxc7 27.Bc5 Kxh6 28.Bxf8+ Rxf8 29.e5 Ne7 30.h5 Be6
31.hxg6 Nxg6 32.Nf5+ Bxf5 33.Rxf5 c5 34.Nc3 Kg7 35.Ne4 Ne6 36.Bh3 Rh8 37.Nf2 Nd4
38.Rf6 Nxe5 39.Ra6 Nec6 40.Bg2 Ne2+ 41.Kf1 Ng3+ 42.Kg1 Ne2+ 43.Kf1 Ng3+  1/2-1/2

[Event "TCh-FRA Top 16"]
[Site "Clichy FRA"]
[Date "2007.05.31"]
[Round "8"]
[White "Luce,S"]
[Black "Ianniello,R"]
[Result "1/2-1/2"]
[WhiteElo "2353"]
[BlackElo "2276"]

1.d4 d6 2.e4 Nf6 3.Nc3 c6 4.g3 Qc7 5.Bg2 g6 6.Nge2 Bg7 7.O-O O-O 8.h3 Nbd7
9.f4 e6 10.g4 Ne8 11.Be3 f6 12.Qd2 Rf7 13.a4 a6 14.b3 Nf8 15.a5 Bd7 16.Na4 f5
17.Nb6 Rd8 18.gxf5 gxf5 19.exf5 exf5 20.c4 Nf6 21.Ng3 Ng6 22.Rae1 Nh4 23.Bh1 Re8
24.Bf2 Rfe7 25.Rxe7 Rxe7  1/2-1/2

[Event "10th IHEM"]
[Site "Hamburg GER"]
[Date "2007.05.31"]
[Round "6"]
[White "Chevelevitch,E"]
[Black "Lindinger,M"]
[Result "1-0"]
[WhiteElo "2422"]
[BlackElo "2307"]

1.e4 d6 2.d4 Nf6 3.Nc3 Nbd7 4.Nf3 e5 5.Bc4 Be7 6.O-O O-O 7.Re1 c6 8.a4 a5
9.Ba2 exd4 10.Nxd4 Nc5 11.h3 Qb6 12.Kh1 Qb4 13.f3 Be6 14.Nxe6 fxe6 15.Ne2 d5
16.Nd4 dxe4 17.c3 Qb6 18.Nxe6 Nxe6 19.Bxe6+ Kh8 20.fxe4 Qf2 21.Qe2 Qg3 22.e5 Ng4
23.Bxg4 Rf2 24.Qe4 Rxg2 25.Qxg2 Qxe1+ 26.Qg1 Qe4+ 27.Qg2 Qe1+ 28.Qg1 Qe4+
29.Kh2 h5 30.Qe3 Qxe3 31.Bxe3 hxg4 32.hxg4 Rd8 33.Kg3 Kg8 34.Kf4 Kf7 35.Rh1 Rd5
36.Ke4 Ke6 37.Bf4 b5 38.Rh7 Kf7 39.Rh8 bxa4 40.Rc8 Rb5 41.Rxc6 Rxb2 42.e6+ Kg6
43.Ra6 Rb5 44.Bc7 Bf6 45.Bxa5 a3 46.Bb4 Re5+ 47.Kf4 a2 48.e7 Re2 49.Rxa2  1-0

[Event "TCh-FRA Top 16"]
[Site "Clichy FRA"]
[Date "2007.06.01"]
[Round "9"]
[White "Sebag,M"]
[Black "Kazhgaleyev,M"]
[Result "1-0"]
[WhiteElo "2479"]
[BlackElo "2603"]

1.e4 d6 2.d4 Nf6 3.Nc3 Nbd7 4.Nf3 e5 5.Bc4 Be7 6.O-O O-O 7.Re1 c6 8.a4 b6
9.Bg5 a6 10.Bxf6 Bxf6 11.d5 c5 12.Bf1 g6 13.Nd2 Qc7 14.Nc4 Rb8 15.Ne3 Bg7
16.Bd3 c4 17.Nxc4 f5 18.Nd2 f4 19.f3 g5 20.Qe2 Ra8 21.Nd1 h5 22.Nf2 Rf6 23.h3 Rg6
24.Nf1 Nf6 25.Nh2 Bh6 26.Ra3 Kh7 27.Rc3 Qd8 28.Ra1 Ra7 29.Raa3 a5 30.Bb5 Rag7
31.Qc4 Bxh3 32.gxh3 g4 33.fxg4 f3 34.Qc8 hxg4 35.hxg4 Qe7 36.Rxf3 Rg8 37.Qf5 Kh8
38.Rac3 Nh7 39.Rc8 Bf8 40.Rh3 Qg7 41.Qd7 Be7 42.Rc7  1-0

[Event "8th United Insurance"]
[Site "Dhaka BAN"]
[Date "2007.06.01"]
[Round "7"]
[White "Minhazuddin,A"]
[Black "Haque,R1"]
[Result "1-0"]
[WhiteElo "2225"]
[BlackElo "2206"]

1.e4 d6 2.d4 Nf6 3.Nc3 c6 4.f4 Qa5 5.Bd3 e5 6.Ne2 Bg4 7.Be3 Nbd7 8.O-O Be7
9.Qd2 Bxe2 10.Bxe2 O-O 11.Kh1 exd4 12.Bxd4 Rfe8 13.Qe1 Qb4 14.Rd1 c5 15.Bxf6 Nxf6
16.e5 Nd7 17.Nd5 Qxb2 18.Nc7 Rac8 19.Nxe8 Rxe8 20.Bg4  1-0

[Event "35th World Open"]
[Site "King of Prussia USA"]
[Date "2007.06.01"]
[Round "4"]
[White "Tanaka,C"]
[Black "Gagunashvili,M"]
[Result "1-0"]
[WhiteElo "2116"]
[BlackElo "2625"]

1.d4 d6 2.e4 Nf6 3.Nc3 Nbd7 4.f3 e5 5.d5 Nh5 6.Nge2 Be7 7.Be3 O-O 8.Qd2 h6
9.O-O-O Bg5 10.g4 Bxe3 11.Qxe3 Nhf6 12.h4 Nh7 13.Ng3 Re8 14.Nf5 Ndf8 15.Bb5 Bd7
16.Bxd7 Qxd7 17.Ne2 Ng6 18.Neg3 Nf4 19.Nh5 Nxh5 20.gxh5 Kh8 21.Rhg1 Rg8 22.Rg2 f6
23.Rdg1 Qf7 24.Rxg7 Rxg7 25.Rxg7 Qxg7 26.Nxg7 Kxg7 27.Qb3  1-0

[Event "TCh-BIH"]
[Site "Vogosca BIH"]
[Date "2007.06.02"]
[Round "1"]
[White "Sibarevic,M"]
[Black "Golubovic,B"]
[Result "0-1"]
[WhiteElo "2337"]
[BlackElo "2441"]

1.e4 d6 2.d4 Nf6 3.Nc3 Nbd7 4.f4 e5 5.Nf3 exd4 6.Qxd4 c6 7.Be2 d5 8.e5 Bc5
9.Qd3 Ng4 10.Nd1 Qe7 11.h3 Nh6 12.Be3 Bxe3 13.Nxe3 Qb4+ 14.Kf2 Qxf4 15.g3 Qb4
16.c3  0-1

[Event "TCh-FRA Top 16"]
[Site "Clichy FRA"]
[Date "2007.06.03"]
[Round "11"]
[White "Govciyan,P"]
[Black "Manouck,T"]
[Result "1-0"]
[WhiteElo "2414"]
[BlackElo "2344"]

1.d4 d6 2.e4 Nf6 3.Nc3 Nbd7 4.Nf3 e5 5.Bc4 Be7 6.O-O O-O 7.Re1 c6 8.a4 a5
9.h3 h6 10.b3 Re8 11.Bb2 Qc7 12.Qd2 Bf8 13.Rad1 Nb6 14.Bd3 Bd7 15.Ne2 d5
16.dxe5 Nxe4 17.Qf4 Nc5 18.Ng3 Nxd3 19.Rxd3 Nc8 20.Nh5 Ne7 21.Nh4 Ng6 22.Qg3 Kh7
23.Rf3 Be6 24.Bc1 d4 25.Bxh6 Kxh6 26.Re4 Kh7 27.Rf6 gxf6 28.Nxg6 fxg6 29.Nxf6+ Kg7
30.Rh4 Bg8 31.Nh5+ Kf7 32.e6+ Kxe6 33.Qxc7 gxh5 34.Rxh5 Re7 35.Qf4 Bg7 36.Rg5 Bf6
37.Rg6 Rf8 38.g4 Bh7 39.Qf5+ Kd6 40.Rxf6+  1-0

[Event "7th ch-Euro Senior"]
[Site "Hockenheim GER"]
[Date "2007.06.03"]
[Round "2"]
[White "Krieger,H"]
[Black "Tochtermann,G"]
[Result "1-0"]
[WhiteElo "2223"]
[BlackElo "1956"]

1.e4 d6 2.d4 Nf6 3.Nc3 c6 4.Nf3 Qc7 5.e5 dxe5 6.dxe5 Ng4 7.Bf4 g6 8.h3 Nh6
9.Qd2 Ng8 10.e6 Qb6 11.exf7+ Kxf7 12.Na4  1-0

[Event "29th Mem Nezhmetdinov"]
[Site "Kazan RUS"]
[Date "2007.06.03"]
[Round "3"]
[White "Kupreichik,V"]
[Black "Bocharov,D"]
[Result "1/2-1/2"]
[WhiteElo "2402"]
[BlackElo "2614"]

1.e4 d6 2.d4 Nf6 3.Nc3 e5 4.Nf3 Nbd7 5.Bc4 Be7 6.O-O O-O 7.a4 c6 8.h4 exd4
9.Nxd4 Ne5 10.Bb3 Re8 11.Bf4 Bf8 12.Bg3 Qa5 13.Qd2 Qb4 14.Rad1 Nc4 15.Bxc4 Qxc4
16.Nb3 d5 17.exd5 Nxd5  1/2-1/2

[Event "35th World Open"]
[Site "King of Prussia USA"]
[Date "2007.06.03"]
[Round "7"]
[White "Khachiyan,M"]
[Black "Harper,W"]
[Result "1-0"]
[WhiteElo "2475"]
[BlackElo "2195"]

1.d4 Nf6 2.Nc3 d6 3.e4 Nbd7 4.Nf3 e5 5.Bc4 Be7 6.O-O c6 7.a4 O-O 8.Re1 Qc7
9.h3 b6 10.b3 a6 11.Ba3 Rb8 12.Bd3 b5 13.Ne2 Re8 14.Ng3 g6 15.Qd2 exd4 16.axb5 axb5
17.Nxd4 Bf8 18.Qf4 b4 19.Bb2 Bg7 20.Ndf5 gxf5 21.Nxf5 Re5 22.Qg5 Rxf5 23.exf5 Qd8
24.Re3 Qf8 25.Rae1 Bb7 26.f4 Kh8 27.Re7 Rd8 28.Rxd7  1-0

[Event "XV Lasker Mem Open A"]
[Site "Barlinek POL"]
[Date "2007.06.04"]
[Round "3"]
[White "Tokarski,L"]
[Black "Mazurkiewicz,M"]
[Result "0-1"]
[WhiteElo "2164"]
[BlackElo "2174"]

1.e4 d6 2.d4 Nf6 3.Nc3 c6 4.f4 Qa5 5.e5 Ne4 6.Qf3 Nxc3 7.Bd2 Bf5 8.Bd3 Bxd3
9.cxd3 Qd5 10.bxc3 Nd7 11.Qxd5 cxd5 12.Nf3 e6 13.Rb1 Rb8 14.O-O Be7 15.c4 dxc4
16.dxc4 dxe5 17.fxe5 Nb6 18.Rfc1 O-O 19.Ba5 Na8 20.Bb4 Rfe8 21.Rc3 Nb6 22.Ba5 Bd8
23.Rcc1 Re7 24.Bb4 Rd7 25.Bc5 Nc8 26.Kf2 h5 27.Rg1 Be7 28.Bxe7 Nxe7 29.g4 hxg4
30.Rxg4 Rc8 31.Rbg1 g6 32.c5 b6 33.Nd2 bxc5 34.Ne4 Rxd4 35.h4 Kg7 36.h5 Rh8
37.hxg6 Nxg6 38.R1g2 Rh5 39.Nxc5 Rxg4 40.Rxg4 Rf5+ 41.Kg2 Rxe5  0-1

[Event "7th ch-Euro Senior"]
[Site "Hockenheim GER"]
[Date "2007.06.04"]
[Round "3"]
[White "Belokopyt,B"]
[Black "Funk,P"]
[Result "1/2-1/2"]
[WhiteElo "2037"]
[BlackElo "2197"]

1.e4 d6 2.d4 Nf6 3.Nc3 c6 4.f4 g6 5.Nf3 Bg7 6.e5 dxe5 7.fxe5 Nd5 8.Ne4 O-O
9.c4 Nc7 10.Be2 b6 11.O-O Bb7 12.Neg5 h6 13.Ne4 Nd7 14.Bf4 g5 15.Bg3 Ne6
16.h3 c5 17.d5 Nf4 18.Nexg5 Ng6 19.Nxf7 Rxf7 20.e6 Rf6 21.exd7 Qxd7 22.Bd3 Raf8
23.Qc2 Qe8 24.Kh2 Bc8 25.Rae1 Bf5 26.Bxf5 Rxf5 27.d6 e5 28.Qd3 Qe6 29.Nd2 Rxf1
30.Rxf1 Rd8 31.Ne4 Nf4 32.Bxf4 exf4 33.Kh1 Be5 34.b3 Bxd6 35.Rxf4 Bc7 36.Rg4+ Kh8
37.Qf1 Qe5 38.g3 Qe6 39.Qf6+ Qxf6 40.Nxf6 Be5 41.Nd5 b5 42.Kg2 bxc4 43.bxc4 Rb8
44.Kf3 Rb2 45.Ke4 Bg7 46.Nf4 Rxa2 47.Ne6 Bc3 48.Nxc5 a5 49.Rg6 Bb4 50.Nd3 Bd2
51.Ra6 a4 52.c5 a3 53.c6 Rc2 54.Rxa3 Rxc6 55.Ne5 Rc7 56.Ng4 Kg7 57.Rd3 Be1
58.Ne3 Rc6 59.g4 Kg6 60.Nf5 Re6+ 61.Kf4 Ra6 62.h4 h5 63.Rd4 Bc3 64.gxh5+ Kxh5
65.Rd7 Ra4+ 66.Kf3 Bf6  1/2-1/2

[Event "7th ch-Euro Senior"]
[Site "Hockenheim GER"]
[Date "2007.06.04"]
[Round "3"]
[White "Van Oosten,A"]
[Black "Bofinger,J"]
[Result "1/2-1/2"]
[WhiteElo "2155"]
[BlackElo "1948"]

1.e4 d6 2.d4 Nf6 3.Nc3 c6 4.f3 e6 5.Be3 Be7 6.Qd2 a5 7.g4 h6 8.Nge2 Nbd7
9.Ng3 b5 10.Be2 a4 11.a3 Ba6 12.O-O Qb8 13.f4 b4 14.axb4 Bxe2 15.Qxe2 Qxb4
16.g5 hxg5 17.fxg5 Ng8 18.Nd1 a3 19.c3 Qb3 20.Rxa3 Rxa3 21.bxa3 Qxa3 22.Qc4 c5
23.Nf2 g6 24.Nd3 cxd4 25.Bxd4 Rh4 26.Nb4 Qa8 27.Rf2 d5 28.Ra2 Qb7 29.Qc6 Qxc6
30.Nxc6 f5 31.exd5 e5 32.Nxe5 Nxe5 33.Bxe5 Bxg5 34.Ra8+ Kf7 35.Ra7+ Ke8 36.Rc7 Bd8
37.Rg7 Ne7 38.Bf6 Rg4 39.d6 Nd5 40.Rg8+ Kf7 41.Rxd8 Kxf6 42.Rc8 Ke6 43.c4 f4
44.cxd5+ Kxd6 45.Rc4 Kxd5 46.Ra4 g5 47.Kg2 Ke5 48.Kf3 Rh4 49.Ra5+ Ke6 50.Ne4 Rxh2
51.Nxg5+ Kd6 52.Ne4+ Ke6 53.Kxf4 Rh4+ 54.Ke3 Rh1 55.Nc5+ Kd6 56.Kd4 Rh4+
57.Ne4+ Kc6 58.Rc5+ Kb6 59.Rc1 Kb5 60.Kd5 Rh5+ 61.Ke6 Rh6+ 62.Nf6 Kb4 63.Ke5 Kb3
64.Ne4 Rh8 65.Nc5+ Kb4 66.Nd3+ Kb3 67.Kd4 Rh4+ 68.Kd5 Rh5+ 69.Ne5 Kb2 70.Rc5 Kb3  1/2-1/2

[Event "7th ch-Euro Senior"]
[Site "Hockenheim GER"]
[Date "2007.06.05"]
[Round "4"]
[White "Klein,K"]
[Black "Semmler,G"]
[Result "0-1"]
[WhiteElo "2120"]
[BlackElo "2030"]

1.e4 d6 2.d4 Nf6 3.Nc3 e5 4.Nf3 Nbd7 5.Bc4 Be7 6.O-O O-O 7.Re1 c6 8.Bg5 Ne8
9.Bxe7 Qxe7 10.Qd2 b5 11.Bb3 a6 12.a3 Rb8 13.Na2 Bb7 14.Rad1 exd4 15.Nxd4 g6
16.Nb4 Rc8 17.Nf3 a5 18.Nd3 a4 19.Ba2 Kg7 20.Nf4 Nc5 21.Qd4+ Kg8 22.Re3 Rd8
23.Nd3 Ne6 24.Qb6 Qc7 25.Qxc7 N8xc7 26.Nb4 Nc5 27.Nd4 Rde8 28.Ndxc6 Nxe4
29.Rd4 Nc5 30.Rxd6 Kg7 31.Rd1 Rxe3 32.fxe3 Re8 33.Kf2 N7e6 34.Bd5 Ng5 35.Bf3 Nce4+
36.Bxe4 Nxe4+ 37.Ke2 Bc8 38.h3 Be6 39.Rd4 Ng3+ 40.Kf3 Nf5 41.Rf4 Bd5+  0-1